Guess The Liverpool Player - Statistics

General Stats
  • This quiz has been taken 35 times
  • The average score is 11 of 16
Answer Stats
Picture Answer % Correct
Salah
100%
Gerrard
94%
Suarez
94%
Van Dijk
94%
Alisson
91%
Mane
91%
Coutinho
84%
Torres
84%
Alexander Arnold
81%
Wijnaldum
69%
Kuyt
63%
Lallana
59%
Reina
47%
Riise
38%
Skrtel
38%
Finnan
9%
No matching quizzes found
Score Distribution
Percent of People with Each Score
Percentile by Number Answered
Your Score History
You have not taken this quiz